| 000 | 00419nam a22001577a 4500 | ||
|---|---|---|---|
| 003 | PILC | ||
| 005 | 20151021133732.0 | ||
| 008 | 130930t xxu||||| |||| 00| 0 eng d | ||
| 020 | _a8772470224 | ||
| 050 |
_aPZ 7 _b.An544 1987 |
||
| 082 |
_aGS 823 _bM72v 1991 |
||
| 245 |
_aThe swamp king's daughter _cAndersen, Han Christian / |
||
| 260 |
_aDenmark : _bScandinavia Pub. _c1987. |
||
| 942 |
_2lcc _cAB |
||
| 999 |
_c12386 _d12386 |
||